| 000 | 00781nam a2200205Ia 4500 | ||
|---|---|---|---|
| 003 | 0 | ||
| 005 | 20250201111125.0 | ||
| 008 | 150126s9999 xx 000 0 und d | ||
| 050 |
_aPGS GV 1469.3 _b.L732 2014 |
||
| 100 | _aLim, Kenneth Andrei L. | ||
| 245 |
_aVideo games and problem solving skills of grade 6 SISC students / _cKenneth Andrei L. Lim. |
||
| 260 |
_aLas PiƱas City, Philippines : _bSouthville International School and Colleges, _c2014. |
||
| 300 |
_a34 p. : _bill. ; _c28 cm. |
||
| 504 | _aIncludes bibliographical references. | ||
| 650 |
_aVideo games _vPsychological aspects. |
||
| 650 |
_aProblem solving _vStudy and teaching. |
||
| 650 | _aVideo games and children. | ||
| 650 |
_aCognitive development _vStudy and teaching (Elementary). |
||
| 942 |
_2lcc _cPASS |
||
| 999 |
_c278602 _d278602 |
||